000 02283nam a2200313Ia 4500
999 _c53693
_d53693
001 20741
003 GE_BSU
005 20210322123656.0
008 181216s2017||||ge |||||||||||||| ||geo||
020 _a9771987591003
040 _cGE_BSU
041 _ageo
080 _a378.4(479.22)(063) ჩ-55
245 _aჩვენი სულიერების ბალავარი : საერთაშორისო სამეცნიერო კონფერენციის მასალები ბათუმი 15-16 ივნისი IX :
_bკრებული /
_cმთ. რედ. ბიჭიკო დიასამიძე ; ტომის რედ. მანუჩარ ლორია ; სარედ. საბჭო მიტროპოლიტი ანანია (ჯაფარიძე), გურამ ლორთქიფანიძე და სხვა.
260 _aთბილისი
260 _bუნივერსალი
260 _c2017
300 _a533გვ. ; 20სმ.
504 _aბიბლიოგრაფია ტექსტების ბოლოს
541 _h8 ლ.
546 _aპარალელური სათაური ინგლისურ ენაზე
653 _aკრებული
653 _aჩვენი სულიერების ბალავარი
653 _aსაერთაშორისო სამეცნიერო კონფერენციის მასალები 15-16 ივნისი IX
700 _aდიასამიძე, ბიჭიკო
_eმთავარი რედაქტორი
_910595
700 _aლორია, მანუჩარ
_eტომის რედაქტორი
_92194
710 _aბათუმის შოთა რუსთაველის სახელმწიფო უნივერსიტეტი
_b ნიკო ბერძენიშვილის ინსტიტუტის ისტორიისა და არქეოლოგიის განყოფილება
_eქრისტიანული კულტურის კვლევის ცენტრი
_910596
942 _cBK
_2udc